| 000 | 00000nam##2200000za#4500 |
| 001 | 9.566744 |
| 003 | CaOODSP |
| 005 | 20240527135426 |
| 007 | cr ||||||||||| |
| 008 | 150406|2007||||xxc|||||o f|0| 0 eng|d |
| 040 | |aCaOODSP|beng |
| 043 | |an-cn--- |
| 086 | 1 |aCW69-5/488E-PDF |
| 110 | 2 |aCanadian Wildlife Service. |
| 245 | 10|aAboriginal harvest of waterfowl in the Maritimes / |h[electronic resource]|c[by] Anne R. Benoît. |
| 260 | |bEnvironment Canada. |c[2007]. |
| 300 | |a15p.|bgraphs, maps, references, tables |
| 490 | 1 |aCanadian Wildlife Service, technical report series|vNo. 488 |
| 500 | |aThe catalogue no. (CW69-5/488E) et l'ISBN (0-662-46619-2) of the print edition have been incorrectly copied in the pdf edition. |
| 546 | |a(Résumés en français.) |
| 590 | |a10-10-Supp|b2010-11-09 |
| 690 | 07|aAquatic birds|2gcpds |
| 720 | 1 |aBenoît, Anne R. |
| 830 | #0|aTechnical report series (Canadian Wildlife Service)|vNo. 488|w(CaOODSP)9.504438 |
| 856 | 40|ahttp://publications.gc.ca|qPDF|s419 KB|uhttps://publications.gc.ca/collections/collection_2009/ec/CW69-5-488E.pdf|yNo. 488 |